000 00214 a2200097 4500
001 46364
100 _aTetley, L
245 _aElectronic aids to navigation
260 _a
_bEdward Arnold
_c
090 _c29482
_d29482
942 _aNUST-CAE
_cM
_c21649
999 _c281437
_d281437